| 000 -LEADER |
| fixed length control field |
00926nam a2200193 4500 |
| 020 ## - INTERNATIONAL STANDARD BOOK NUMBER |
| ISBN |
9781398618046 |
| 082 ## - DEWEY DECIMAL CLASSIFICATION NUMBER |
| Classification number |
658.7 |
| Item number |
Sa213s 2021 |
| 100 ## - MAIN ENTRY--AUTHOR NAME |
| Personal name |
Sandberg, Erik, author. |
| 245 ## - TITLE STATEMENT |
| Title |
Strategic logistics management : contemporary principles and practice / Erik Sandberg. |
| 260 ## - PUBLICATION, DISTRIBUTION, ETC. (IMPRINT) |
| Place of publication |
London ; New York : |
| Name of publisher |
Kogan Page, |
| Year of publication |
2021. |
| 300 ## - PHYSICAL DESCRIPTION |
| Number of Pages |
1 online resource, xviii, 266 pages : |
| Other physical details |
illustrations ; 25 cm |
| 500 ## - GENERAL NOTE |
| General note |
Includes bibliographical references and index.
|
| 520 ## - SUMMARY, ETC. |
| Summary, etc |
This book explores the strategic relevance of logistics management by applying strategic management theory, covering topics such as resilience, circularity, and competitive advantage. It bridges the gap between theory and practice, offering insights for students and professionals. |
| 650 ## - SUBJECT ADDED ENTRY--TOPICAL TERM |
| Topical Term |
Logistics |
| 650 ## - SUBJECT ADDED ENTRY--TOPICAL TERM |
| Topical Term |
Strategic planning. |
| 650 ## - SUBJECT ADDED ENTRY--TOPICAL TERM |
| Topical Term |
Business logistics. |
| 650 ## - SUBJECT ADDED ENTRY--TOPICAL TERM |
| Topical Term |
Supply chain management. |
| 942 ## - ADDED ENTRY ELEMENTS (KOHA) |
| Koha item type |
Electronic Books |